ARRUPE JESUIT UNIVERSITY

CORONAVIRUS -STOP THE SPREAD - CLEAN,DISINFECT,COVER

Schott's original miscellany (Record no. 120473)

MARC details
000 -LEADER
fixed length control field 00369nam a22001337a 4500
005 - DATE AND TIME OF LATEST TRANSACTION
control field 20140506121509.0
008 - FIXED-LENGTH DATA ELEMENTS--GENERAL INFORMATION
fixed length control field 140506b xxu||||| |||| 00| 0 eng d
050 ## - LIBRARY OF CONGRESS CALL NUMBER
Classification number AG106.
Item number S36 2002
100 ## - MAIN ENTRY--PERSONAL NAME
Personal name Schott, Ben
9 (RLIN) 10106
245 ## - TITLE STATEMENT
Title Schott's original miscellany
Statement of responsibility, etc Schott, Ben
260 ## - PUBLICATION, DISTRIBUTION, ETC. (IMPRINT)
Place of publication, distribution, etc London
Name of publisher, distributor, etc Bloomsbury
Date of publication, distribution, etc 2002
300 ## - PHYSICAL DESCRIPTION
Extent 158p.;
Dimensions 20cm.
942 ## - ADDED ENTRY ELEMENTS (KOHA)
Source of classification or shelving scheme Library of Congress Classification
Item type Monograph ( Printed materials)
Holdings
Withdrawn status Lost status Source of classification or shelving scheme Damaged status Not for loan Collection code Home library Current library Shelving location Date acquired Total Checkouts Full call number Barcode Date last seen Price effective from Koha item type
    Library of Congress Classification     Main Collection ARRUPE LIBRARY ARRUPE LIBRARY Main Collection 06/05/2014   AG106. S36 2002 46500001561 06/05/2014 06/05/2014 Monograph ( Printed materials)

 

Arrupe Library. PO Box MP320 Mt Pleasant, Harare, Zimbabwe
263 242 745411|librarian@aju.ac.zw